000 00424nam a2200133Ia 4500
008 151021s9999 xx 000 0 und d
020 _a898403278
050 _aBV 4501.2 .F758 1991
245 _a_Kingdom zoology Dealing With The wolves ,Serpents & Swine in Your Life Joel A. Freeman
260 _aSan Bernardino Here's life 1991
300 _a208p.
650 _a_Christian life
980 _a^d20130514 11:35:25^oanne
999 _c12746
_d12746